THE INFLUENCE OF STUNNING ELECTRICAL CURRENT ON THE HYGIENIC QUALITY OF BROILER CHICKENS

Podrobná bibliografia
Hlavní autori: Nagy, J. (Autor), Pažáková, J. (Autor), Hussein, K. (Autor), Korimová, Ľudmila, 1944- (Autor), Popelka, Peter, 1973- (Autor)
Médium: Článok
Jazyk:angličtina
ISBN:8088985935
Predmet:

MARC

LEADER 00000naa a2200000 a 4500
001 vtls011852852
003 SK-MaSNL
005 20260302134527.0
008 210910|2003 xo |||||||||||||||||eng|
015 |a SNBCL 
035 |a (urnnbn)urn:nbn:sk:snk:ar-a0axpl 
035 |a urn:nbn:sk:snk-aaw7ft 
035 |a (uuid)3953ca4c-62aa-4b6d-a8ee-74666038959b 
040 |a SNKBUCL  |b slo  |c SNKBUCL  |e AACR2 
041 |a eng 
044 |a xo  |c SK 
100 1 |a Nagy, J.  |4 aut  |9 466423 
245 1 0 |a THE INFLUENCE OF STUNNING ELECTRICAL CURRENT ON THE HYGIENIC QUALITY OF BROILER CHICKENS  |c J. Nagy, P. Popelka, Ľ. Korimová, K. Hussein, J. Pažáková 
336 |a text  |b txt  |c rdacontent 
337 |a bez média  |b n  |c rdamedia 
338 |a zväzok  |b nc  |c rdacarrier 
655 7 |a články zo zborníkov  |2 snkbucl  |9 166140 
700 1 |a Pažáková, J.  |4 aut  |9 805957 
700 1 |a Hussein, K.  |4 aut  |9 805968 
700 1 |a Korimová, Ľudmila,  |d 1944-  |4 aut  |9 217459 
700 1 |a Popelka, Peter,  |d 1973-  |4 aut  |9 189051 
773 0 |t Hygiena alimentorum XXIV  |d Košice : Univerzita veterinárskeho lekárstva ; Bratislava] : Štátna veterinárna a potravinová správa Slovenskej republiky, 2003  |g S. 62-64  |z 8088985935 
958 |a OND 
958 |a article26 
958 |a chapter 
999 |c 1322370  |d 1324300